000 00405nam a2200169Ia 4500
008 221030s9999 xx 000 0 und d
020 _a8178082993
041 _aEnglish
082 _a105.23
_bMol
100 _aH. G. Molina
245 0 _aDatabase System Implementation
260 _bAddison Wesley
_aNew Delhi
_c2001
300 _a653
650 _aBE Computer
700 _aJ. D. Ullman
942 _cBK
999 _c7607
_d7607